| 000 | 00562nam a2200229Ia 4500 | ||
|---|---|---|---|
| 008 | 171120s9999 xx 000 0 und d | ||
| 020 | _a863473903 | ||
| 050 | _a242.68 | ||
| 050 | _bG589 1999 | ||
| 245 | _aGod's little devotional book for teachers / | ||
| 260 | _aUSA : | ||
| 260 | _bEagle, | ||
| 260 | _c1999 | ||
| 300 | _a320 pages : | ||
| 300 | _billustrations ; | ||
| 300 | _c17cm. | ||
| 650 | _aDevotional literature. | ||
| 650 | _aMeditations. | ||
| 650 | _aTeachers -- | ||
| 650 | _xPrayers and devotions -- English. | ||
| 700 | _aTitle. | ||
| 999 |
_c345444 _d345444 |
||